[Event "5th American Continental (w)"]
[Site "Cali COL"]
[Date "2009.09.05"]
[Round "7.11"]
[White "Panesso Rivera, Jenny"]
[Black "Franco Valencia, Beatriz Irene"]
[Result "0-1"]
[WhiteElo "1971"]
[BlackElo "2188"]
[EventDate "2009.09.01"]
[PlyCount "106"]

1.e4 c6 2.d4 d5 3.Nc3 dxe4 4.Nxe4 Nd7 5.Bc4 Ngf6 6.Ng3 e6 7.N1e2 Bd6 8.O-O
Qc7 9.f4 Nb6 10.Bb3 c5 11.dxc5 Bxc5+ 12.Nd4 O-O 13.Kh1 Rd8 14.c3 Bd7 15.
Bc2 Bxd4 16.cxd4 Bb5 17.Rf2 Qd6 18.Nh5 Nbd5 19.Nxf6+ Nxf6 20.Be3 Nd5 21.
Bd2 Bc6 22.Qe2 Nb4 23.Bc3 Nxc2 24.Qxc2 Bd5 25.a3 a5 26.Re1 b5 27.Qd2 Qb6 
28.f5 exf5 29.Rxf5 Be6 30.Rfe5 b4 31.axb4 axb4 32.Bxb4 Rxd4 33.Rb5 Rxd2 
34.Rxb6 Rxb2 35.Bc5 Rc2 36.Bd4 h5 37.Rb2 Rxb2 38.Bxb2 Ra2 39.Re2 g5 40.Kg1
Kh7 41.Kf2 Kg6 42.Bc3 Ra3 43.Bb4 Ra4 44.Bd2 Kf5 45.h3 Bc4 46.Re3 Ra2 47.
Rf3+ Ke4 48.Ke1 f5 49.Rc3 Kd4 50.Rc1 f4 51.h4 gxh4 52.Bxf4 Re2+ 53.Kf1 
Re4+ 0-1

[Event "5th American Continental (w)"]
[Site "Cali COL"]
[Date "2009.09.05"]
[Round "7.12"]
[White "Heredia Serrano, Carla"]
[Black "Orozco Lopez, Luz Elena"]
[Result "1-0"]
[WhiteElo "2152"]
[BlackElo "2118"]
[EventDate "2009.09.01"]
[PlyCount "42"]

1.e4 c5 2.Nf3 Nc6 3.d4 cxd4 4.Nxd4 Nf6 5.Nc3 e5 6.Ndb5 d6 7.Bg5 a6 8.Na3 
b5 9.Bxf6 gxf6 10.Nd5 f5 11.g3 Be7 12.Bg2 f4 13.c3 O-O 14.Nc2 a5 15.O-O 
Rb8 16.Qd2 Ba6 17.Rfd1 Kh8 18.gxf4 exf4 19.Qxf4 b4 20.Nd4 Ne5 21.Nf5 bxc3 
1-0

[Event "5th American Continental (w)"]
[Site "Cali COL"]
[Date "2009.09.05"]
[Round "7.13"]
[White "Castrillon Gomez, Melissa"]
[Black "Fandino Reyes, Roquelina"]
[Result "1/2-1/2"]
[WhiteElo "2031"]
[BlackElo "2199"]
[EventDate "2009.09.01"]
[PlyCount "79"]

1.e4 e5 2.Nf3 d6 3.d4 exd4 4.Nxd4 Nf6 5.Nc3 Be7 6.Bf4 O-O 7.Qd2 Bd7 8.f3 
Nc6 9.Nf5 Bxf5 10.exf5 d5 11.Nb5 Qd7 12.Nxc7 Rac8 13.Nb5 g6 14.Nc3 Bb4 15.
a3 Ba5 16.O-O-O Bxc3 17.bxc3 Qe7 18.Kb2 Na5 19.g4 Rc4 20.g5 Ra4 21.Ra1 Nh5
22.Be3 b5 23.Bb6 Nc4+ 24.Bxc4 bxc4 25.Qxd5 Rb8 26.Qc6 Ra5 27.Rhe1 Re5 28.
Rxe5 Qxe5 29.Rd1 Nf4 30.Rd4 Nd3+ 31.cxd3 Qe2+ 32.Kc1 Qe4 33.Kc2 Qe2+ 34.
Kc1 cxd3 35.Kb1 Qc2+ 36.Ka1 d2 37.Qd6 Re8 38.Qd8 Qxc3+ 39.Ka2 Qc2+ 40.Ka1 
1/2-1/2

[Event "5th American Continental (w)"]
[Site "Cali COL"]
[Date "2009.09.05"]
[Round "7.14"]
[White "Mendoza Velazquez, Lorena Aleja"]
[Black "Chirivi Castiblanco, Jenny Astrid"]
[Result "0-1"]
[WhiteElo "1973"]
[BlackElo "2195"]
[EventDate "2009.09.01"]
[PlyCount "70"]

1.c4 e6 2.g3 d5 3.Bg2 Nf6 4.d4 c6 5.Nf3 dxc4 6.Ne5 Bb4+ 7.Nc3 Nd5 8.Bd2 
Nb6 9.a3 Be7 10.e3 N8d7 11.Qe2 Nxe5 12.dxe5 Qc7 13.f4 Bd7 14.O-O O-O 15.
Ne4 Kh8 16.g4 Nd5 17.Rf3 f5 18.exf6 Bxf6 19.Nxf6 Nxf6 20.Rh3 e5 21.f5 Nxg4
22.Rf1 Rxf5 23.Bf3 Rg5 24.Rg3 h5 25.h3 e4 26.Rg2 exf3 27.Rxf3 Rg6 28.hxg4 
Bxg4 29.Qxc4 Rd8 30.Rf4 Qe5 31.Qb3 Be6 32.Qb4 Rxg2+ 33.Kxg2 c5 34.Qa5 b6 
35.Qc3 Qd5+ 0-1

[Event "5th American Continental (w)"]
[Site "Cali COL"]
[Date "2009.09.05"]
[Round "7.15"]
[White "Gutierrez Salazar, Leonela Karina"]
[Black "Aliaga Fernandez, Ingrid"]
[Result "0-1"]
[WhiteElo "1920"]
[BlackElo "2140"]
[EventDate "2009.09.01"]
[PlyCount "48"]

1.e4 c5 2.Nf3 d6 3.d4 cxd4 4.Nxd4 Nf6 5.Nc3 a6 6.f3 e6 7.Be3 b5 8.Qd2 Nbd7
9.g4 Nb6 10.O-O-O Bb7 11.Qf2 Nfd7 12.Bd3 Rc8 13.Nce2 Qc7 14.Kb1 Be7 15.h4 
Nc4 16.Bc1 Nde5 17.g5 Nc6 18.Nxc6 Qxc6 19.h5 Qc5 20.Qg3 Ne5 21.f4 Nxd3 22.
cxd3 Qc2+ 23.Ka1 Qxe2 24.Rde1 Qc2 0-1

[Event "5th American Continental (w)"]
[Site "Cali COL"]
[Date "2009.09.05"]
[Round "7.16"]
[White "Orozco Lopez, Lina Yomayra"]
[Black "Chumpitaz Carbajal, Ann"]
[Result "0-1"]
[WhiteElo "2117"]
[BlackElo "2017"]
[EventDate "2009.09.01"]
[PlyCount "40"]

1.e4 c5 2.Nf3 Nc6 3.d4 cxd4 4.Nxd4 Nf6 5.Nc3 e5 6.Ndb5 d6 7.Nd5 Nxd5 8.
exd5 Nb8 9.c4 g6 10.Be2 Bg7 11.a4 O-O 12.O-O a6 13.Nc3 f5 14.a5 Nd7 15.Ra2
e4 16.Qc2 Ne5 17.b4 Qh4 18.Ra3 g5 19.g3 Qh3 20.Bxg5 Nf3+ 0-1

[Event "5th American Continental (w)"]
[Site "Cali COL"]
[Date "2009.09.05"]
[Round "7.17"]
[White "Naipal, Victoria"]
[Black "Chavez Restrepo, Diana Maria"]
[Result "1-0"]
[WhiteElo "1795"]
[BlackElo "1884"]
[EventDate "2009.09.01"]
[PlyCount "85"]

1.d4 Nf6 2.c4 e6 3.Nc3 Bb4 4.a3 Bxc3+ 5.bxc3 c5 6.e3 Nc6 7.Nf3 O-O 8.Bd3 
Qa5 9.Bd2 Re8 10.O-O d6 11.e4 Qc7 12.Re1 e5 13.d5 Ne7 14.Qc2 Ng6 15.g3 Bg4
16.Be2 Qd7 17.Qd3 Rab8 18.Reb1 Nh5 19.Ne1 Bxe2 20.Qxe2 Nf6 21.Ng2 Qa4 22.
Bg5 Nd7 23.h4 h6 24.Bd2 Nb6 25.Ne3 Nf8 26.Nf5 Nxc4 27.Bxh6 g6 28.Qg4 Nh7 
29.h5 Nf6 30.Qh4 Nxh5 31.g4 Kh7 32.Bg5 Qc2 33.Ng3 Nd2 34.Bxd2 Qxd2 35.gxh5
g5 36.Qg4 Kg8 37.Qf5 Kg7 38.Kg2 Qf4 39.Qxf4 gxf4 40.Nf5+ Kf6 41.Kf3 Kg5 
42.Rh1 Rh8 43.h6 1-0

[Event "5th American Continental (w)"]
[Site "Cali COL"]
[Date "2009.09.05"]
[Round "7.18"]
[White "Tobar, Estefania"]
[Black "Herrera Rincon, Wilene"]
[Result "0-1"]
[WhiteElo "1840"]
[BlackElo "1737"]
[EventDate "2009.09.01"]
[PlyCount "58"]

1.e4 c5 2.Nf3 e6 3.d4 cxd4 4.Nxd4 a6 5.Nc3 d6 6.Be3 Nf6 7.f3 b5 8.Qd2 Qc7 
9.Be2 Nbd7 10.O-O Bb7 11.Rad1 Be7 12.a3 O-O 13.Nb3 Rfd8 14.Kh1 Rac8 15.Bd3
Ne5 16.Qf2 Nfd7 17.Qg3 Nc4 18.Bh6 Bf8 19.Bxc4 bxc4 20.Nd2 Ne5 21.Bf4 Ng6 
22.Be3 Qa5 23.f4 d5 24.exd5 exd5 25.Qf2 Rc6 26.Nf3 Ne7 27.Ne5 Rf6 28.Bd4 
Nf5 29.Ng4 Rg6 0-1

[Event "5th American Continental (w)"]
[Site "Cali COL"]
[Date "2009.09.05"]
[Round "7.19"]
[White "Felix Vega, Aurora Edith"]
[Black "Talavera Paredes, Ana"]
[Result "1-0"]
[WhiteElo "1833"]
[BlackElo "1607"]
[EventDate "2009.09.01"]
[PlyCount "53"]

1.e4 c5 2.Nf3 d6 3.d4 cxd4 4.Nxd4 Nf6 5.Nc3 a6 6.Be2 e6 7.Be3 Be7 8.O-O 
O-O 9.Kh1 Qc7 10.f4 b5 11.a3 Bb7 12.Qe1 Nxe4 13.Nxe4 Bxe4 14.Qg3 Bf6 15.c3
Nd7 16.Qh3 Nb6 17.Nxe6 Bxg2+ 18.Kxg2 fxe6 19.Qxe6+ Kh8 20.Bf2 Rae8 21.Qg4 
Nd5 22.Bf3 Qf7 23.Rad1 Nc7 24.Rxd6 Be7 25.Rc6 Bd8 26.Bc5 Rg8 27.Kh1 1-0

[Event "5th American Continental (w)"]
[Site "Cali COL"]
[Date "2009.09.05"]
[Round "7.20"]
[White "Salazar Dirsa, Marcela"]
[Black "Perez, Laura"]
[Result "1-0"]
[WhiteElo "1946"]
[BlackElo "1884"]
[EventDate "2009.09.01"]
[PlyCount "94"]

1.e4 c6 2.d4 d5 3.exd5 cxd5 4.c4 e6 5.Nf3 Nf6 6.Bg5 Nbd7 7.Nc3 h6 8.Bh4 g5
9.Bg3 dxc4 10.Bxc4 Nb6 11.Bb3 a6 12.Qe2 Nbd5 13.Nxd5 Nxd5 14.Be5 Bb4+ 15.
Nd2 Rg8 16.O-O b5 17.Ne4 Be7 18.Rac1 Bb7 19.Rfd1 Rc8 20.Nc5 Bxc5 21.dxc5 
g4 22.Bg3 Qg5 23.c6 Rxc6 24.Rxc6 Bxc6 25.a4 h5 26.axb5 Bxb5 27.Qe4 Bc6 28.
Qc4 Kd7 29.Qc5 Rc8 30.Qa7+ Ke8 31.Qxa6 Qd8 32.Qe2 Kf8 33.Qe5 Qb6 34.Qh8+ 
Ke7 35.Qxc8 Qxb3 36.Bh4+ f6 37.Re1 Bd7 38.Qc5+ Kf7 39.Qd4 Qc2 40.g3 Qf5 
41.Qe4 Qxe4 42.Rxe4 e5 43.Kf1 Ke6 44.Ke1 Bb5 45.Kd2 Kd6 46.Re1 Ba6 47.Ra1 
Bb5 1-0

[Event "5th American Continental (w)"]
[Site "Cali COL"]
[Date "2009.09.06"]
[Round "8.3"]
[White "Linares Napoles, Oleiny"]
[Black "Sanchez Castillo, Sarai"]
[Result "1-0"]
[WhiteElo "2265"]
[BlackElo "2224"]
[EventDate "2009.09.01"]
[PlyCount "41"]

1.e4 e6 2.d4 d5 3.Nc3 dxe4 4.Nxe4 Bd7 5.Nf3 Bc6 6.Bd3 Nd7 7.O-O Ngf6 8.
Ned2 Be7 9.c4 O-O 10.b3 Bxf3 11.Nxf3 c6 12.Bf4 Re8 13.Qc2 Nf8 14.Rad1 Qa5 
15.Ne5 Rad8 16.Be2 N6d7 17.Nf3 Ng6 18.Bg3 Nf6 19.Ne5 c5 20.Nxg6 hxg6 21.
dxc5 1-0

[Event "5th American Continental (w)"]
[Site "Cali COL"]
[Date "2009.09.06"]
[Round "8.4"]
[White "Salazar Cardona, Aura Cristina"]
[Black "Amura, Claudia"]
[Result "0-1"]
[WhiteElo "2069"]
[BlackElo "2335"]
[EventDate "2009.09.01"]
[PlyCount "50"]

1.e4 g6 2.d4 Bg7 3.Nc3 c6 4.Be3 Qb6 5.a3 d6 6.Bc4 Nf6 7.f3 d5 8.exd5 cxd5 
9.Bxd5 Qxb2 10.Nge2 Nxd5 11.Nxd5 Na6 12.Nec3 Be6 13.Ra2 Qxa2 14.Nxa2 Bxd5 
15.Nc3 Bc4 16.Ne4 Nc7 17.c3 O-O 18.Nd2 Ba6 19.Qb3 Rfd8 20.Bf4 Nd5 21.Bg3 
Rac8 22.Ne4 Bxd4 23.cxd4 Rc1+ 24.Kf2 Rxh1 25.Nc3 Rf1# 0-1

[Event "5th American Continental (w)"]
[Site "Cali COL"]
[Date "2009.09.06"]
[Round "8.5"]
[White "Arribas Robaina, Maritza"]
[Black "Franco Valencia, Angela Maria"]
[Result "1/2-1/2"]
[WhiteElo "2328"]
[BlackElo "2170"]
[EventDate "2009.09.01"]
[PlyCount "73"]

1.e4 e5 2.Nf3 Nc6 3.Bb5 a6 4.Bxc6 dxc6 5.d4 exd4 6.Qxd4 Qxd4 7.Nxd4 Bd7 8.
Be3 Bd6 9.Nd2 O-O-O 10.O-O Bc5 11.N2b3 Bd6 12.Rfe1 h6 13.Nd2 Bc5 14.Nf1 
Re8 15.f3 Ne7 16.Rad1 Ng6 17.Nf5 Bxe3+ 18.N1xe3 Rhg8 19.Rd2 Bxf5 20.Nxf5 
Ne7 21.Ng3 g6 22.Red1 Rd8 23.Kf2 Rxd2+ 24.Rxd2 Rd8 25.Rxd8+ Kxd8 26.Ke3 
Kd7 27.h4 Kd6 28.Ne2 c5 29.Nf4 b5 30.g4 c4 31.h5 g5 32.Ne2 Nc6 33.f4 Nb4 
34.e5+ Ke7 35.c3 Nd3 36.Ke4 Nxb2 37.Kf5 1/2-1/2

[Event "5th American Continental (w)"]
[Site "Cali COL"]
[Date "2009.09.06"]
[Round "8.6"]
[White "Llaudy Pupo, Lisandra"]
[Black "Ordaz Valdes, Lisandra"]
[Result "0-1"]
[WhiteElo "2212"]
[BlackElo "2283"]
[EventDate "2009.09.01"]
[PlyCount "65"]

1.e4 c5 2.Nf3 Nc6 3.d3 d6 4.g3 g6 5.Bg2 Bg7 6.O-O e5 7.c3 Nge7 8.Be3 O-O 
9.h3 b6 10.Qd2 d5 11.Bg5 f6 12.Bh6 dxe4 13.c4 Be6 14.Bxg7 Kxg7 15.Nh4 Qd7 
16.g4 h5 17.f3 Rh8 18.g5 fxg5 19.Qxg5 Bxh3 20.Rf2 Raf8 21.a3 Bxg2 22.Rxg2 
Qe6 23.b4 Qf6 24.Qg3 Kh6 25.b5 Nd8 26.fxe4 Ne6 27.a4 g5 28.Nf5+ Nxf5 29.
exf5 Nf4 30.Rf2 a6 31.bxa6 Ra8 32.Rg2 Nxg2 33.Qxg2 0-1

[Event "5th American Continental (w)"]
[Site "Cali COL"]
[Date "2009.09.06"]
[Round "8.8"]
[White "Franco Valencia, Beatriz Irene"]
[Black "Mateus Urbano, Martha"]
[Result "1/2-1/2"]
[WhiteElo "2188"]
[BlackElo "2143"]
[EventDate "2009.09.01"]
[PlyCount "80"]

1.e4 c5 2.b3 d6 3.Bb2 e5 4.f4 exf4 5.Nf3 Nf6 6.Bb5+ Bd7 7.Qe2 Be7 8.e5 
dxe5 9.Nxe5 O-O 10.O-O Bxb5 11.Qxb5 Qc7 12.Na3 Nbd7 13.Rae1 Bd6 14.Nf3 a6 
15.Qd3 b5 16.c4 b4 17.Nc2 g6 18.Qe2 Ng4 19.d4 cxd4 20.Bxd4 Bc5 21.h3 Ngf6 
22.Qd2 Rac8 23.Kh2 Ne4 24.Qd3 Ndf6 25.Qd1 Bxd4 26.Qxd4 Rfd8 27.Qe5 Qxe5 
28.Nxe5 Rd2 29.Nxb4 a5 30.Nbc6 Nh5 31.Rxe4 Ng3 32.Rexf4 Nxf1+ 33.Rxf1 Rxa2
34.Nd7 Ra8 35.Nce5 f5 36.Rc1 a4 37.bxa4 R8xa4 38.c5 Rd2 39.c6 Rad4 40.Kg3 
Rg4+ 1/2-1/2

[Event "5th American Continental (w)"]
[Site "Cali COL"]
[Date "2009.09.06"]
[Round "8.10"]
[White "Chirivi Castiblanco, Jenny Astrid"]
[Black "Ubaldo Suarez, Maria Gisela"]
[Result "1/2-1/2"]
[WhiteElo "2195"]
[BlackElo "2120"]
[EventDate "2009.09.01"]
[PlyCount "61"]

1.d4 d5 2.c4 e6 3.Nc3 c6 4.e3 Nf6 5.Nf3 Bd6 6.Qc2 Nbd7 7.Bd3 dxc4 8.Bxc4 
O-O 9.O-O e5 10.Bb3 Qe7 11.h3 a6 12.Nh4 Nb6 13.Nf5 Bxf5 14.Qxf5 g6 15.Qc2 
c5 16.dxc5 Bxc5 17.e4 Nh5 18.Bh6 Rfe8 19.Be3 Rac8 20.Qe2 Nf4 21.Qf3 Ne6 
22.Ne2 Kg7 23.Ng3 Bxe3 24.fxe3 f6 25.h4 Nc4 26.Rad1 b5 27.h5 Ng5 28.Qe2 
Rc7 29.Rd3 Rd8 30.Rxd8 Qxd8 31.Rd1 1/2-1/2

[Event "5th American Continental (w)"]
[Site "Cali COL"]
[Date "2009.09.06"]
[Round "8.11"]
[White "Romero Echeverria, Abigail"]
[Black "Ortiz Aguirre, Nadya Karolina"]
[Result "0-1"]
[WhiteElo "2064"]
[BlackElo "2218"]
[EventDate "2009.09.01"]
[PlyCount "112"]

1.e4 c5 2.c3 Nf6 3.e5 Nd5 4.d4 cxd4 5.cxd4 d6 6.Bc4 e6 7.Nf3 Nb6 8.Bd3 
dxe5 9.dxe5 Na6 10.O-O Nc5 11.Bb5+ Bd7 12.Nc3 a6 13.Be2 Nba4 14.Qd4 Nxc3 
15.bxc3 h5 16.Be3 Bc6 17.Qf4 Nd3 18.Qg3 h4 19.Qg4 Qd5 20.Qd4 Qxd4 21.Nxd4 
Nxe5 22.f4 Nd7 23.Nxc6 bxc6 24.Bf3 Rc8 25.Kh1 Bc5 26.Bd2 Nf6 27.Rae1 Nd7 
28.Re4 Nb6 29.f5 Bd6 30.fxe6 f6 31.Be1 Ke7 32.h3 g5 33.Be2 Ra8 34.c4 Be5 
35.Bb4+ Kd8 36.e7+ Ke8 37.Bg4 Nd7 38.Rd1 Ra7 39.Bf5 c5 40.Bxd7+ Rxd7 41.
Rxd7 Kxd7 42.Bxc5 Rc8 43.Ba3 a5 44.Kg1 Bc3 45.Kf1 Bb4 46.Bxb4 axb4 47.Ke2 
Ke8 48.Kd3 Ra8 49.Re2 Ra3+ 50.Kd4 f5 51.c5 f4 52.Ke5 Re3+ 53.Rxe3 fxe3 54.
c6 e2 55.c7 e1=Q+ 56.Kd6 Qc3 0-1

[Event "5th American Continental (w)"]
[Site "Cali COL"]
[Date "2009.09.06"]
[Round "8.12"]
[White "Chumpitaz Carbajal, Ann"]
[Black "Aliaga Fernandez, Ingrid"]
[Result "1/2-1/2"]
[WhiteElo "2017"]
[BlackElo "2140"]
[EventDate "2009.09.01"]
[PlyCount "106"]

1.e4 e5 2.Nf3 Nf6 3.Nxe5 d6 4.Nf3 Nxe4 5.d4 d5 6.Bd3 Bd6 7.O-O O-O 8.c4 c6
9.Nc3 Nxc3 10.bxc3 Bg4 11.h3 Bh5 12.Rb1 b6 13.Re1 Nd7 14.a4 h6 15.cxd5 
cxd5 16.Bf5 Nf6 17.Qd3 Ne4 18.Rb5 Bxf3 19.Qxf3 Nf6 20.Bc2 Re8 21.Rxe8+ 
Qxe8 22.Kf1 Rb8 23.Bxh6 Qc6 24.Bd2 a6 25.Rb1 Ne4 26.Be1 Bc7 27.g3 Re8 28.
Kg2 Re6 29.Qd3 a5 30.Rc1 Bb8 31.Bb3 Rh6 32.Rc2 Qd7 33.h4 Rf6 34.Re2 g5 35.
hxg5 Nxg5 36.f4 Qh3+ 37.Kg1 Bxf4 38.Bxd5 Bd6 39.Bg2 Qg4 40.Re3 Rh6 41.Qe2 
Qd7 42.Bd2 Rg6 43.Re8+ Kg7 44.Bf4 Bxf4 45.gxf4 Nh3+ 46.Kh2 Nxf4 47.Qe5+ 
Rf6 48.Rg8+ Kxg8 49.Qxf6 Qg4 50.Bf1 Qf3 51.Qg5+ Kf8 52.Qh6+ Kg8 53.Qg5+ 
Kf8 1/2-1/2

[Event "5th American Continental (w)"]
[Site "Cali COL"]
[Date "2009.09.06"]
[Round "8.13"]
[White "Fandino Reyes, Roquelina"]
[Black "Panesso Rivera, Jenny"]
[Result "1-0"]
[WhiteElo "2199"]
[BlackElo "1971"]
[EventDate "2009.09.01"]
[PlyCount "74"]

1.e4 d5 2.exd5 Nf6 3.d4 Nxd5 4.Nf3 Bf5 5.g3 e6 6.Be2 Be7 7.O-O O-O 8.c4 
Nb6 9.Nc3 Bf6 10.Be3 Nc6 11.h3 Na5 12.c5 Nd5 13.Rc1 b6 14.b4 Nc6 15.Qd2 h6
16.Rfd1 Re8 17.Bd3 Bxd3 18.Qxd3 Nxc3 19.Qxc3 Qd5 20.Rd2 Red8 21.Rdd1 Qf5 
22.Qc4 Rd5 23.Qe2 g5 24.Nh2 Rad8 25.Qc4 Qe4 26.Nf3 h5 27.Qe2 g4 28.hxg4 
hxg4 29.Nh2 Nxd4 30.Qxg4+ Qxg4 31.Nxg4 Bg7 32.Kh1 e5 33.Bg5 Re8 34.Nf6+ 
Bxf6 35.Bxf6 Re6 36.Bxe5 Rexe5 37.Rxd4 Rxd4 1-0

[Event "5th American Continental (w)"]
[Site "Cali COL"]
[Date "2009.09.06"]
[Round "8.14"]
[White "Hernandez Guerrero, Yadira"]
[Black "Felix Vega, Aurora Edith"]
[Result "0-1"]
[WhiteElo "2199"]
[BlackElo "1833"]
[EventDate "2009.09.01"]
[PlyCount "69"]

1.c4 Nf6 2.Nf3 g6 3.d4 Bg7 4.Nc3 O-O 5.e4 d6 6.Be2 Nc6 7.O-O e5 8.d5 Ne7 
9.b4 Nd7 10.Nd2 f5 11.Nb3 f4 12.f3 g5 13.c5 Nf6 14.cxd6 cxd6 15.Bd2 Ng6 
16.Rc1 Rf7 17.Nb5 Bf8 18.Qc2 Ne8 19.a4 h5 20.Qd3 Rg7 21.Rf2 g4 22.Rxc8 
Qxc8 23.Rf1 Nf6 24.Rc1 Qd8 25.Be1 g3 26.h3 Nh7 27.a5 Ng5 28.Bd2 h4 29.Bf1 
a6 30.Nc3 b5 31.Nxb5 axb5 32.Qxb5 Rb8 33.Qa6 Rxb4 34.Qb5 Qb8 35.Qc6 0-1

[Event "5th American Continental (w)"]
[Site "Cali COL"]
[Date "2009.09.06"]
[Round "8.16"]
[White "Herrera Rincon, Wilene"]
[Black "Castrillon Gomez, Melissa"]
[Result "0-1"]
[WhiteElo "1737"]
[BlackElo "2031"]
[EventDate "2009.09.01"]
[PlyCount "60"]

1.e4 c5 2.Nf3 d6 3.d4 Nf6 4.Nbd2 cxd4 5.Nxd4 g6 6.Be2 Bg7 7.O-O O-O 8.c4 
Nc6 9.Nb5 e6 10.f3 d5 11.exd5 exd5 12.Nb3 a6 13.cxd5 Nxd5 14.Na3 b5 15.Bd3
Qb6+ 16.Kh1 Rd8 17.Qc2 Ndb4 18.Qf2 Qxf2 19.Rxf2 Nxd3 20.Rd2 Nxc1 21.Rxd8+ 
Nxd8 22.Rxc1 Bxb2 23.Rd1 Bxa3 24.Rxd8+ Kg7 25.Nd4 Be7 26.Re8 Bf6 27.Nb3 
Bb7 28.Re2 Rd8 29.Kg1 Rd1+ 30.Kf2 Bd5 0-1

[Event "5th American Continental (w)"]
[Site "Cali COL"]
[Date "2009.09.06"]
[Round "8.18"]
[White "Chavez Restrepo, Diana Maria"]
[Black "Gutierrez Salazar, Leonela Karina"]
[Result "1-0"]
[WhiteElo "1884"]
[BlackElo "1920"]
[EventDate "2009.09.01"]
[PlyCount "97"]

1.d4 Nf6 2.c4 g6 3.Nc3 Bg7 4.e4 d6 5.Nf3 e5 6.d5 O-O 7.Bd3 Nh5 8.Ne2 Bg4 
9.Be3 Qf6 10.Bg5 Bxf3 11.Bxf6 Bxe2 12.Bxe2 Nxf6 13.Qc2 Nbd7 14.b4 a5 15.
bxa5 Rxa5 16.f3 Nc5 17.O-O Nh5 18.g3 Ra3 19.Qd2 Rfa8 20.Qc1 Nf6 21.g4 Nfd7
22.h4 Kf8 23.Kh1 Nb3 24.axb3 Rxa1 25.Qxa1 Rxa1 26.Rxa1 Nc5 27.b4 Na6 28.c5
Nxb4 29.cxd6 cxd6 30.Rb1 Nc2 31.Rxb7 Nd4 32.Bd1 Bf6 33.h5 gxh5 34.gxh5 h6 
35.Kg2 Be7 36.Kg3 f5 37.Kf2 f4 38.Ke1 Kf7 39.Kd2 Kf6 40.Ke1 Bd8 41.Kf2 Ba5
42.Ba4 Kg5 43.Be8 Bd2 44.Rg7+ Kh4 45.Rg4+ Kh3 46.Bd7 Be3+ 47.Kf1 Kh2 48.
Rh4+ Kg3 49.Rh3# 1-0

[Event "5th American Continental (w)"]
[Site "Cali COL"]
[Date "2009.09.06"]
[Round "8.21"]
[White "Perez, Laura"]
[Black "Mesa Brenda, Sofia"]
[Result "1-0"]
[WhiteElo "1884"]
[BlackElo "1894"]
[EventDate "2009.09.01"]
[PlyCount "31"]

1.d4 d5 2.Nf3 Nf6 3.Bf4 c6 4.c3 Bf5 5.Nbd2 e6 6.e3 Bd6 7.Be2 Bxf4 8.exf4 
Nbd7 9.O-O O-O 10.Ne5 Nxe5 11.fxe5 Ne4 12.Nb3 Re8 13.f3 Ng5 14.h4 Nh3+ 15.
gxh3 Bxh3 16.Rf2 1-0

[Event "5th American Continental (w)"]
[Site "Cali COL"]
[Date "2009.09.07"]
[Round "9.1"]
[White "Amura, Claudia"]
[Black "Fierro Baquero, Martha"]
[Result "1/2-1/2"]
[WhiteElo "2335"]
[BlackElo "2386"]
[EventDate "2009.09.01"]
[PlyCount "67"]

1.d4 g6 2.e4 Bg7 3.Nc3 d6 4.Be3 a6 5.Qd2 b5 6.Nf3 Bb7 7.Bd3 Nd7 8.a4 b4 9.
Ne2 Rb8 10.a5 e6 11.Ng3 Ngf6 12.Ra4 Ng4 13.Rxb4 Nxe3 14.fxe3 h5 15.Qc3 h4 
16.Ne2 c5 17.Rb3 h3 18.gxh3 Rxh3 19.Rf1 g5 20.Neg1 Rh5 21.h3 Qc7 22.Kd1 
Rc8 23.Nd2 d5 24.Be2 Rh8 25.exd5 exd5 26.Bg4 c4 27.Bxd7+ Qxd7 28.Rb6 Rh6 
29.Rxh6 Bxh6 30.Rf6 Rc6 31.Rxc6 Qxc6 32.b3 cxb3 33.Qxc6+ Bxc6 34.cxb3 
1/2-1/2

[Event "5th American Continental (w)"]
[Site "Cali COL"]
[Date "2009.09.07"]
[Round "9.4"]
[White "Lujan, Carolina"]
[Black "Sanchez Castillo, Sarai"]
[Result "1/2-1/2"]
[WhiteElo "2295"]
[BlackElo "2224"]
[EventDate "2009.09.01"]
[PlyCount "51"]

1.Nf3 d5 2.c4 Nf6 3.cxd5 Nxd5 4.Nc3 Nc6 5.d4 g6 6.e4 Nxc3 7.bxc3 Bg7 8.Be2
O-O 9.O-O Na5 10.Rb1 b6 11.Be3 Bb7 12.Bd3 Qd6 13.Qe2 Rad8 14.Rfd1 e6 15.e5
Qe7 16.Ng5 f6 17.exf6 Bxf6 18.Ne4 Bg7 19.Bg5 Rde8 20.Qg4 Qf7 21.Be3 Bxe4 
22.Qxe4 e5 23.dxe5 Bxe5 24.Qh4 Bxc3 25.Bh6 Bg7 26.Bf1 1/2-1/2

[Event "5th American Continental (w)"]
[Site "Cali COL"]
[Date "2009.09.07"]
[Round "9.6"]
[White "Ortiz Aguirre, Nadya Karolina"]
[Black "Arribas Robaina, Maritza"]
[Result "1-0"]
[WhiteElo "2218"]
[BlackElo "2328"]
[EventDate "2009.09.01"]
[PlyCount "64"]

1.e4 e6 2.d4 d5 3.Nd2 Nf6 4.e5 Nfd7 5.Bd3 c5 6.c3 Nc6 7.Ne2 cxd4 8.cxd4 f6
9.exf6 Nxf6 10.Nf3 Bd6 11.Bf4 Bb4+ 12.Nc3 O-O 13.O-O Bd7 14.a3 Bxc3 15.
bxc3 Be8 16.Ng5 Qd7 17.Re1 Bf7 18.Ra2 h6 19.Nxf7 Qxf7 20.Bc1 Rfe8 21.Rae2 
Nd7 22.f4 Rac8 23.Bc2 Na5 24.Qd3 Nf8 25.Qh3 Nc4 26.g4 Nd6 27.Rg2 Nb5 28.
Bb2 Qxf4 29.a4 Nd6 30.Rf1 Qg5 31.Bc1 Qe7 32.g5 a5 1-0

[Event "5th American Continental (w)"]
[Site "Cali COL"]
[Date "2009.09.07"]
[Round "9.7"]
[White "Heredia Serrano, Carla"]
[Black "Llaudy Pupo, Lisandra"]
[Result "0-1"]
[WhiteElo "2152"]
[BlackElo "2212"]
[EventDate "2009.09.01"]
[PlyCount "78"]

1.e4 Nf6 2.e5 Nd5 3.d4 d6 4.c4 Nb6 5.exd6 exd6 6.Nc3 Be7 7.Bd3 Nc6 8.Nge2 
O-O 9.h3 g6 10.b3 Nb4 11.Bb1 a5 12.a3 Na6 13.O-O Bd7 14.a4 c6 15.Bh6 Re8 
16.Ra2 Nb4 17.Rd2 d5 18.c5 Nc8 19.Kh1 b6 20.f4 Bf6 21.f5 Bg5 22.fxg6 hxg6 
23.Bxg5 Qxg5 24.Ng1 bxc5 25.Nf3 Qe3 26.Ne5 Be6 27.Rf3 Qg5 28.Qe1 cxd4 29.
Rg3 Bg4 30.Rxg4 Rxe5 31.Re2 Rxe2 32.Qxe2 Qe3 33.Qf1 d3 34.Qf6 Qe7 35.Qf2 
Nd6 36.Rd4 Nf5 37.Rf4 Re8 38.Kh2 Qe1 39.Qc5 Qg3+ 0-1

[Event "5th American Continental (w)"]
[Site "Cali COL"]
[Date "2009.09.07"]
[Round "9.10"]
[White "Aliaga Fernandez, Ingrid"]
[Black "Salazar Cardona, Aura Cristina"]
[Result "1-0"]
[WhiteElo "2140"]
[BlackElo "2069"]
[EventDate "2009.09.01"]
[PlyCount "53"]

1.e4 c5 2.Nf3 d6 3.c4 Nf6 4.Nc3 g6 5.Be2 Bg7 6.d4 cxd4 7.Nxd4 O-O 8.Be3 
Nc6 9.O-O Bd7 10.Rc1 Nxd4 11.Bxd4 Bc6 12.f3 a5 13.b3 Nd7 14.Bxg7 Kxg7 15.
Qd4+ Kg8 16.Rcd1 Qb6 17.f4 Qb5 18.Bg4 e5 19.fxe5 Nxe5 20.Be2 Rfd8 21.Kh1 
Qc5 22.Rf6 a4 23.bxa4 Qa3 24.Rdf1 Bxa4 25.Nd5 Qc5 26.Ne7+ Kf8 27.Qxc5 1-0

[Event "5th American Continental (w)"]
[Site "Cali COL"]
[Date "2009.09.07"]
[Round "9.11"]
[White "Castrillon Gomez, Melissa"]
[Black "Vasquez Ramirez, Rocio"]
[Result "1-0"]
[WhiteElo "2031"]
[BlackElo "2285"]
[EventDate "2009.09.01"]
[PlyCount "89"]

1.e4 c5 2.Nf3 e6 3.d4 cxd4 4.Nxd4 a6 5.Bd3 Qc7 6.O-O Bd6 7.Kh1 Bc5 8.Be3 
Nf6 9.Nc3 h5 10.f4 Ng4 11.Bg1 b6 12.Na4 Bb7 13.Qe2 d6 14.Nxc5 dxc5 15.Nb3 
Nc6 16.c3 Ne7 17.a4 Ng6 18.a5 c4 19.Bxc4 Nxf4 20.Bxb6 Qb8 21.Qf3 g5 22.Bd4
f5 23.Nc5 Nd3 24.Qg3 Nxc5 25.Qxb8+ Rxb8 26.Bxc5 Bxe4 27.b4 Rh6 28.Bxa6 h4 
29.h3 Nf6 30.Be2 g4 31.hxg4 fxg4 32.Kh2 g3+ 33.Kg1 h3 34.gxh3 g2 35.Rf4 
Rxh3 36.Kf2 Bf5 37.Kxg2 Rxc3 38.Bd4 Rc2 39.Bxf6 Rxe2+ 40.Kf3 Rc2 41.a6 Kf7
42.a7 Ra8 43.Bd4 Ke7 44.Rh4 Kd6 45.Rh8 1-0

[Event "5th American Continental (w)"]
[Site "Cali COL"]
[Date "2009.09.07"]
[Round "9.12"]
[White "Chumpitaz Carbajal, Ann"]
[Black "Fandino Reyes, Roquelina"]
[Result "0-1"]
[WhiteElo "2017"]
[BlackElo "2199"]
[EventDate "2009.09.01"]
[PlyCount "66"]

1.e4 e5 2.Nf3 d6 3.d4 exd4 4.Nxd4 Nf6 5.Nc3 Be7 6.Be2 O-O 7.O-O Re8 8.f4 
Bf8 9.Bf3 c6 10.Re1 Qc7 11.g4 a6 12.a4 a5 13.b3 Na6 14.g5 Nd7 15.Nce2 Ndc5
16.Ng3 Nb4 17.Bb2 Ne6 18.Nh5 Nxd4 19.Bxd4 c5 20.Bb2 c4 21.bxc4 Qxc4 22.Re2
Bd7 23.Ra3 d5 24.Rc3 Qa2 25.Rc7 Bc6 26.Be5 dxe4 27.Bxe4 Bxe4 28.Rxe4 Nd5 
29.Qd4 Qb1+ 30.Kf2 Rxe5 31.Qxe5 Qb4 32.Kg3 Nxc7 33.Rd4 Re8 0-1